000 00614nam a2200181 i 4500
001 95387
003 ES-MaACL
005 20250901094249.0
007 t|
008 050527s1961 sp ||||1| spa d
100 1 _aLlano Gorostiza, Manuel.
_972701
245 1 0 _aCuna de mercaderes
_b: apuntes para una historia de la Feria de Muestras /
_cManuel Llano Gorostiza.
260 _aBilbao :
_bCámara Oficial de Comercio, Industria y Navegación,
_c1961.
300 _a180 p. :
_bil. ;
_c28 cm.
710 2 _aCámara de Comercio de Bilbao
_92358
852 _aES-MaACL
_jC-19451
_bR.48205
999 _c95387
_d95387